000 00268nam a2200121Ia 4500
008 190216s9999||||xx |||||||||||||| ||und||
100 _aAppukkutan Nair P
245 0 _aUdyanakrishi
260 _bKerala Basha Inst
300 _a110p
650 _aBotany
942 _cBK
999 _c37558
_d37558